[Event "Saint Affrique op 22nd"]
[Site "Saint Affrique"]
[Date "2014.07.23"]
[Round "6"]
[White "Audigier, Robert"]
[Black "Bois D`Enghien, Noumea"]
[Result "0-1"]
[WhiteElo "1298"]
[BlackElo "1240"]
[PlyCount "48"]
[EventDate "2014.07.19"]
[EventType "swiss"]
[EventRounds "9"]
[EventCountry "FRA"]
[SourceTitle "CBM 161 Extra"]
[Source "ChessBase"]
[SourceDate "2014.08.29"]
[SourceVersion "1"]
[SourceVersionDate "2014.08.29"]
[SourceQuality "1"]

1. d4 d5 2. c4 c6 3. Nc3 Nf6 4. Nf3 g6 5. Bg5 Bg7 6. e3 h6 7. Bf4 Bg4 8. Be2 0-0 9. 0-0 Qa5 10. h3 Bxf3 11. Bxf3 Nbd7 12. Qc2 Rfe8 13. e4 e5 14. Be3 dxe4 15. Bxe4 Nxe4 16. Nxe4 exd4 17. Nd6 dxe3 18. Nxe8 Rxe8 19. fxe3 Rxe3 20. Rad1 Qc5 21. Rxd7 Re2+ 22. Kh1 Rxc2 23. Rfxf7 Rc1+ 24. Kh2 Qe5+ 0-1

[Event "Saint Affrique op 22nd"]
[Site "Saint Affrique"]
[Date "2014.07.19"]
[Round "1"]
[White "Vignette, Jeanne"]
[Black "Audigier, Robert"]
[Result "1-0"]
[WhiteElo "1758"]
[BlackElo "1298"]
[PlyCount "59"]
[EventDate "2014.07.19"]
[EventType "swiss"]
[EventRounds "9"]
[EventCountry "FRA"]
[SourceTitle "CBM 161 Extra"]
[Source "ChessBase"]
[SourceDate "2014.08.29"]
[SourceVersion "1"]
[SourceVersionDate "2014.08.29"]
[SourceQuality "1"]

1. e4 c5 2. Nf3 e6 3. d4 cxd4 4. Nxd4 a6 5. Nc3 Qc7 6. a3 Nf6 7. Be2 Nc6 8. Be3 b5 9. 0-0 Bb7 10. f4 Nxd4 11. Qxd4 Be7 12. e5 Nd5 13. Nxd5 Bxd5 14. Bf3 Bxf3 15. Rxf3 f5 16. Rd1 Rd8 17. Rg3 0-0 18. c3 Rf7 19. Qb6 Qc4 20. Rd2 Qc6 21. Bf2 Qe4 22. Rgd3 Bh4 23. g3 Be7 24. Qxa6 Qc6 25. Qxc6 dxc6 26. Rxd8+ Bxd8 27. Rxd8+ Rf8 28. Rd6 Re8 29. Rxc6 Rd8 30. Bd4 1-0

[Event "Montigny le Bretonneux-C 9th"]
[Site "Montigny le Bretonneux"]
[Date "2010.10.31"]
[Round "9"]
[White "Guillet, Jacques"]
[Black "Audigier, Robert"]
[Result "1-0"]
[WhiteElo "1568"]
[BlackElo "1250"]
[PlyCount "59"]
[EventDate "2010.10.23"]
[EventType "swiss"]
[EventRounds "9"]
[EventCountry "FRA"]
[SourceTitle "EXT 2011"]
[Source "ChessBase"]
[SourceDate "2010.11.26"]
[SourceVersion "1"]
[SourceVersionDate "2010.11.26"]
[SourceQuality "1"]

1. e4 e5 2. Nf3 Nc6 3. d4 d6 4. Bb5 Bd7 5. Nc3 a6 6. Bxc6 Bxc6 7. Qd3 Ne7 8. Bg5 Qc8 9. 0-0-0 Ng6 10. h4 Qg4 11. h5 Nf4 12. Qd2 Be7 13. Bxe7 Kxe7 14. dxe5 Rad8 15. Rh4 dxe5 16. Qxd8+ Rxd8 17. Rxg4 Nxh5 18. Nxe5 g6 19. Rxd8 Kxd8 20. Nxc6+ bxc6 21. e5 Ke7 22. Rc4 Kd7 23. g4 Ng7 24. Ne4 Ke6 25. Nf6 Kxe5 26. Rxc6 a5 27. Nxh7 f5 28. Rxc7 Ne6 29. Re7 fxg4 30. Nf8 1-0

[Event "Elancourt op"]
[Site "Elancourt"]
[Date "2010.04.29"]
[Round "6"]
[White "Audigier, Robert"]
[Black "Duval, Dominique"]
[Result "0-1"]
[WhiteElo "1330"]
[BlackElo "1791"]
[PlyCount "88"]
[EventDate "2010.04.25"]
[EventType "swiss"]
[EventRounds "9"]
[EventCountry "FRA"]
[SourceTitle "CBM 136 Extra"]
[Source "ChessBase"]
[SourceDate "2010.07.02"]
[SourceVersion "2"]
[SourceVersionDate "2010.07.15"]
[SourceQuality "1"]

1. d4 Nf6 2. c4 e6 3. Nc3 Bb4 4. Bd2 Nc6 5. Nf3 0-0 6. e3 b6 7. Qc2 Bb7 8. a3 Bxc3 9. Bxc3 a5 10. Bd3 h6 11. 0-0 d5 12. e4 dxe4 13. Bxe4 Nxe4 14. Qxe4 Rb8 15. Qe3 Ne7 16. Rad1 Nf5 17. Qf4 Bxf3 18. Qxf3 Qg5 19. Qc6 Rbc8 20. f4 Qg4 21. Qe4 Nd6 22. Qe5 f6 23. Qe3 Nxc4 24. Qf3 Qf5 25. d5 exd5 26. Qxd5+ Qxd5 27. Rxd5 Ne3 28. Rd3 Nxf1 29. Kxf1 Rfe8 30. Kf2 Kf7 31. g4 Rcd8 32. Re3 Rxe3 33. Kxe3 a4 34. Bd4 Ke6 35. Ke4 c5 36. f5+ Kd6 37. Bf2 Re8+ 38. Kd3 Kd5 39. Bg3 b5 40. Bc7 c4+ 41. Kc3 Kc6 42. Bf4 Re4 43. Bxh6 gxh6 44. h3 Re3+ 0-1

[Event "Elancourt op"]
[Site "Elancourt"]
[Date "2010.04.28"]
[Round "5"]
[White "Rodriguez, Jean Pierre"]
[Black "Audigier, Robert"]
[Result "1/2-1/2"]
[WhiteElo "1643"]
[BlackElo "1330"]
[PlyCount "83"]
[EventDate "2010.04.25"]
[EventType "swiss"]
[EventRounds "9"]
[EventCountry "FRA"]
[SourceTitle "CBM 136 Extra"]
[Source "ChessBase"]
[SourceDate "2010.07.02"]
[SourceVersion "2"]
[SourceVersionDate "2010.07.15"]
[SourceQuality "1"]

1. c4 c5 2. Nf3 Nc6 3. Nc3 g6 4. b3 Bg7 5. Bb2 e6 6. e4 Nge7 7. Be2 0-0 8. 0-0 Rb8 9. a3 b6 10. Rb1 Bb7 11. Nb5 Nc8 12. Bxg7 Kxg7 13. d4 N6e7 14. d5 a6 15. Nc3 Ba8 16. Qd2 Na7 17. Ne5 b5 18. Ng4 Ng8 19. cxb5 Nxb5 20. Nxb5 axb5 21. Qc3+ Nf6 22. Rfd1 h5 23. Nxf6 Qxf6 24. Qxc5 Qe5 25. Bf3 Rfc8 26. Qe3 Rc7 27. h3 Rbc8 28. dxe6 dxe6 29. Qd2 Bxe4 30. Bxe4 Qxe4 31. Rbc1 Rc2 32. Rxc2 Rxc2 33. Qd4+ Qxd4 34. Rxd4 Rb2 35. Rb4 Rb1+ 36. Kh2 Rb2 37. f3 Ra2 38. Rxb5 Rxa3 39. Rb7 Ra8 40. b4 Ra1 41. Kg3 Rb1 42. b5 1/2-1/2

[Event "Elancourt op"]
[Site "Elancourt"]
[Date "2010.04.25"]
[Round "1"]
[White "Mongey, Alain"]
[Black "Audigier, Robert"]
[Result "1-0"]
[WhiteElo "1644"]
[BlackElo "1330"]
[PlyCount "61"]
[EventDate "2010.04.25"]
[EventType "swiss"]
[EventRounds "9"]
[EventCountry "FRA"]
[SourceTitle "CBM 136 Extra"]
[Source "ChessBase"]
[SourceDate "2010.07.02"]
[SourceVersion "2"]
[SourceVersionDate "2010.07.15"]
[SourceQuality "1"]

1. d4 Nf6 2. Bg5 d6 3. c4 Nbd7 4. Nf3 c6 5. e3 Qb6 6. Qb3 e5 7. Bxf6 Nxf6 8. dxe5 Qa5+ 9. Nbd2 dxe5 10. Qc2 Bg4 11. Be2 0-0-0 12. h3 Bb4 13. hxg4 Bxd2+ 14. Nxd2 h6 15. Rd1 Rhe8 16. Kf1 Rd7 17. Nb1 Red8 18. Rxd7 Rxd7 19. g5 Ng8 20. Bg4 Qd8 21. Bxd7+ Qxd7 22. gxh6 gxh6 23. Nd2 Nf6 24. Rxh6 Ng4 25. Rh5 Nxe3+ 26. fxe3 Qg4 27. Qf5+ Qxf5+ 28. Rxf5 f6 29. Rxf6 Kd7 30. Rf7+ Kc8 31. g4 1-0

[Event "Saint Affrique op 15th"]
[Site "Saint Affrique"]
[Date "2007.??.??"]
[Round "4"]
[White "Boyd, Christopher"]
[Black "Audigier, Robert"]
[Result "0-1"]
[WhiteElo "1100"]
[BlackElo "1300"]
[PlyCount "138"]
[EventDate "2007.07.21"]
[EventType "swiss"]
[EventRounds "9"]
[EventCountry "FRA"]
[SourceTitle "CBM 119 Extra"]
[Source "ChessBase"]
[SourceDate "2007.09.04"]
[SourceVersion "1"]
[SourceVersionDate "2007.09.04"]
[SourceQuality "1"]

1. e4 e5 2. Bc4 Nf6 3. Nc3 Bc5 4. Nf3 Nc6 5. d3 0-0 6. 0-0 h6 7. a3 d6 8. b4 Bd4 9. Nxd4 Nxd4 10. Nd5 Nc6 11. b5 Na5 12. Qe2 Nxc4 13. dxc4 Bg4 14. Nxf6+ Qxf6 15. Qxg4 c5 16. f4 Qe6 17. f5 Qxc4 18. Bxh6 g6 19. fxg6 f6 20. Bxf8 Qd4+ 21. Kh1 Rxf8 22. Rad1 Qc4 23. Rc1 Qxb5 24. g7 Rf7 25. Qe6 Kxg7 26. Qg4+ Kf8 27. Qh4 Ke7 28. Rf2 Qe8 29. Rcf1 Qf8 30. Rb1 b6 31. Rd1 Kd7 32. Rfd2 f5 33. Rxd6+ Kc7 34. Qd8+ Kb7 35. Qxf8 Rxf8 36. Rd7+ Ka6 37. Rc7 fxe4 38. h3 Rf2 39. Rdd7 Rxc2 40. Rxa7+ Kb5 41. Rab7 e3 42. Rd1 e2 43. Re1 Kc6 44. Re7 Kd6 45. Rh7 Kd5 46. Kg1 Kd4 47. Kf2 Kd3 48. g4 e4 49. g5 e3+ 50. Kg2 Kd2 51. g6 Kxe1 52. g7 Kd1 53. g8Q e1Q+ 54. Kf3 Qf2+ 55. Ke4 e2 56. Qd5+ Rd2 57. Qb3+ Ke1 58. Rf7 Rd4+ 59. Ke5 Qh2+ 60. Ke6 Re4+ 61. Kd5 Qe5+ 62. Kc6 Qe6+ 63. Qxe6 Rxe6+ 64. Kb5 Kd2 65. Rd7+ Ke3 66. Kc4 e1Q 67. Rd3+ Ke2 68. Rc3 Re4+ 69. Kb3 Qb1# 0-1

[Event "Montigny le Bretonneux 3rd"]
[Site "Montigny le Bretonneux"]
[Date "2004.11.01"]
[Round "9"]
[White "Blasco, Robert"]
[Black "Audigier, Robert"]
[Result "1/2-1/2"]
[WhiteElo "1410"]
[BlackElo "1130"]
[PlyCount "25"]
[EventDate "2004.10.??"]
[EventType "swiss"]
[EventRounds "9"]
[EventCountry "FRA"]
[SourceTitle "EXT 2006"]
[Source "ChessBase"]
[SourceDate "2005.11.24"]
[SourceVersion "1"]
[SourceVersionDate "2005.11.24"]
[SourceQuality "1"]

1. e4 e5 2. Nf3 Nc6 3. Nc3 Nf6 4. d4 d6 5. Bb5 Bd7 6. d5 Be7 7. 0-0 0-0 8. Re1 a6 9. Bxc6 bxc6 10. Bg5 c5 11. Bxf6 Bxf6 12. b3 Qc8 13. Nb1 1/2-1/2

[Event "Montigny le Bretonneux 3rd"]
[Site "Montigny le Bretonneux"]
[Date "2004.10.26"]
[Round "3"]
[White "Audigier, Robert"]
[Black "Miolane, Leo"]
[Result "0-1"]
[WhiteElo "1130"]
[BlackElo "1560"]
[PlyCount "132"]
[EventDate "2004.10.??"]
[EventType "swiss"]
[EventRounds "9"]
[EventCountry "FRA"]
[SourceTitle "EXT 2006"]
[Source "ChessBase"]
[SourceDate "2005.11.24"]
[SourceVersion "1"]
[SourceVersionDate "2005.11.24"]
[SourceQuality "1"]

1. e4 e5 2. Nf3 Nc6 3. Bc4 Bc5 4. 0-0 Nf6 5. d3 0-0 6. Nc3 d6 7. a3 Be6 8. Bd5 h6 9. Be3 Bb6 10. b4 Bxd5 11. Nxd5 Nxd5 12. exd5 Ne7 13. c4 Nf5 14. Bxb6 axb6 15. Re1 Qd7 16. Qd2 Rfe8 17. Qb2 Re7 18. Re2 Ree8 19. Rae1 c5 20. b5 Nd4 21. Nxd4 exd4 22. Rxe8+ Rxe8 23. Rxe8+ Qxe8 24. Qc1 Qe2 25. Qf1 Qb2 26. h3 Qd2 27. Kh1 Kf8 28. g3 Qb2 29. Kg2 Qxa3 30. Qe2 Qa8 31. Qe4 f6 32. Qh7 Kf7 33. Qf5 Qe8 34. Qh5+ Kf8 35. Qf3 Qe5 36. Qf4 Qxf4 37. gxf4 f5 38. h4 Kf7 39. Kg3 Kg6 40. f3 Kh5 41. Kh3 g5 42. hxg5 hxg5 43. fxg5 Kxg5 44. Kg2 Kh4 45. Kh2 Kg5 46. Kh3 Kf4 47. Kg2 Ke3 48. f4 Kxd3 49. Kf2 Kc2 50. Kg3 d3 51. Kh4 d2 52. Kg5 d1Q 53. Kxf5 Qh5+ 54. Ke6 Qg6+ 55. Kd7 Qf6 56. Kc8 Qf7 57. Kb8 Kc3 58. Ka7 Qc7 59. f5 Kxc4 60. f6 Kxb5 61. f7 Qxf7 62. Kb8 Kc4 63. Ka7 b5 64. Kb6 b4 65. Ka5 Qc7+ 66. Ka4 b5# 0-1

[Event "Montigny le Bretonneux op"]
[Site "Montigny le Bretonneux"]
[Date "2004.05.23"]
[Round "8"]
[White "Mongey, Killian"]
[Black "Audigier, Robert"]
[Result "0-1"]
[WhiteElo "1190"]
[BlackElo "1120"]
[PlyCount "45"]
[EventDate "2004.05.20"]
[EventType "swiss"]
[EventRounds "9"]
[EventCountry "FRA"]
[SourceTitle "EXT 2007"]
[Source "ChessBase"]
[SourceDate "2006.11.23"]
[SourceVersion "1"]
[SourceVersionDate "2006.11.23"]
[SourceQuality "1"]

1. e4 e5 2. Nc3 Nf6 3. Bc4 Bc5 4. Nf3 Nc6 5. d3 d6 6. Ng5 0-0 7. 0-0 Be6 8. Bxe6 fxe6 9. Nxe6 Qe7 10. Nxf8 Rxf8 11. Bg5 Qf7 12. Qf3 Nd4 13. Qd1 Ne6 14. Bxf6 Qxf6 15. Qf3 Nf4 16. Nd5 Qg5 17. Nc3 Rf7 18. g3 Nh3+ 19. Kg2 Rxf3 20. Kxf3 Qf6+ 21. Kg2 Ng5 22. Nd5 Qf3+ 23. Kg1 0-1

[Event "Montigny le Bretonneux op"]
[Site "Montigny le Bretonneux"]
[Date "2004.05.20"]
[Round "3"]
[White "Audigier, Robert"]
[Black "Le Gac, Michel"]
[Result "0-1"]
[WhiteElo "1120"]
[BlackElo "1340"]
[PlyCount "72"]
[EventDate "2004.05.20"]
[EventType "swiss"]
[EventRounds "9"]
[EventCountry "FRA"]
[SourceTitle "EXT 2007"]
[Source "ChessBase"]
[SourceDate "2006.11.23"]
[SourceVersion "1"]
[SourceVersionDate "2006.11.23"]
[SourceQuality "1"]

1. e4 e5 2. Nf3 Nc6 3. Bc4 Bc5 4. c3 d6 5. b4 Bb6 6. 0-0 a6 7. a4 Ba7 8. b5 Na5 9. Ba2 axb5 10. d4 exd4 11. cxd4 Bd7 12. e5 Rc8 13. Bd2 Bb6 14. exd6 cxd6 15. Re1+ Ne7 16. Ng5 Nc4 17. Qf3 f6 18. Ne4 Bc7 19. Qh5+ Kf8 20. Nxf6 gxf6 21. Qh6+ Kf7 22. Bc3 Qg8 23. d5 Nxd5 24. Qh5+ Kf8 25. Qh6+ Qg7 26. Qh5 Qg5 27. Qe2 Nf4 28. Qe7+ Kg8 29. g3 Nh3+ 30. Kg2 Qd5+ 31. Kf1 Qd3+ 32. Re2 Re8 33. Qxf6 Qxe2+ 34. Kg2 Qe4+ 35. Kf1 Qe2+ 36. Kg2 Qe4+ 0-1

[Event "Montigny le Bretonneux Noel op 06th"]
[Site "Montigny le Bretonneux"]
[Date "2003.12.29"]
[Round "5"]
[White "Jammot, Jean Louis"]
[Black "Audigier, Robert"]
[Result "0-1"]
[WhiteElo "1499"]
[BlackElo "1140"]
[PlyCount "46"]
[EventDate "2003.12.26"]
[EventType "swiss"]
[EventRounds "6"]
[EventCountry "FRA"]
[SourceTitle "CBM 097 Extra"]
[Source "ChessBase"]
[SourceDate "2004.01.13"]
[SourceVersion "1"]
[SourceVersionDate "2004.01.13"]
[SourceQuality "1"]

1. c4 e5 2. Nc3 Nf6 3. Nf3 Nc6 4. e4 Bc5 5. Nxe5 Nxe5 6. d4 Qe7 7. dxc5 Qxc5 8. Be3 Qe7 9. Bg5 0-0 10. Nd5 Qd8 11. Bxf6 gxf6 12. Bd3 c6 13. Nc3 d6 14. h3 Kh8 15. 0-0 Rg8 16. b3 a6 17. Kh2 Rg7 18. Bc2 Qa5 19. Ne2 Ng4+ 20. Kg1 Qg5 21. f4 Qh4 22. f5 Ne3 23. Qe1 Rxg2+ 0-1

[Event "Montigny le Bretonneux op 7th"]
[Site "Montigny le Bretonneux"]
[Date "2003.05.04"]
[Round "7.21"]
[White "Audigier, Robert"]
[Black "Toussaint, Guillaume"]
[Result "1-0"]
[WhiteElo "1499"]
[BlackElo "1020"]
[PlyCount "89"]
[EventDate "2003.05.??"]
[EventType "swiss"]
[EventRounds "9"]
[EventCountry "FRA"]
[SourceTitle "EXT 2004"]
[Source "ChessBase"]
[SourceDate "2003.11.25"]
[SourceVersion "1"]
[SourceVersionDate "2003.11.25"]
[SourceQuality "1"]

1. e4 e5 2. Nf3 Nf6 3. Bc4 Qe7 4. Nc3 Qd6 5. Ng5 Be7 6. Nxf7 Qc5 7. Nxh8 Qxc4 8. d3 Qg8 9. Bg5 Qxh8 10. Bxf6 Bxf6 11. 0-0 d6 12. Qh5+ g6 13. Qf3 Be6 14. Nb5 Bd7 15. c4 Nc6 16. Qd1 a6 17. Nc3 Be6 18. a3 0-0-0 19. Rb1 Qe8 20. b4 a5 21. b5 Ne7 22. a4 Ng8 23. Qd2 h6 24. Qe3 c6 25. Qa7 Rd7 26. Qxa5 Qd8 27. Qb4 c5 28. Qa3 Qc7 29. b6 Qc6 30. a5 Kd8 31. a6 g5 32. a7 Qc8 33. a8Q Qxa8 34. Qxa8+ Ke7 35. Nd5+ Kf7 36. Nc7 Re7 37. Qxb7 Kg6 38. Qc6 Rd7 39. b7 Rd8 40. b8Q Rxb8 41. Rxb8 Ne7 42. Qe8+ Kg7 43. Nxe6+ Kh7 44. Qf7+ Bg7 45. Qxg7# 1-0

[Event "Montigny le Bretonneux op 7th"]
[Site "Montigny le Bretonneux"]
[Date "2003.05.01"]
[Round "1.11"]
[White "Audigier, Robert"]
[Black "Hedjazian, Kayhan"]
[Result "0-1"]
[WhiteElo "1499"]
[BlackElo "1820"]
[PlyCount "60"]
[EventDate "2003.05.??"]
[EventType "swiss"]
[EventRounds "9"]
[EventCountry "FRA"]
[SourceTitle "EXT 2004"]
[Source "ChessBase"]
[SourceDate "2003.11.25"]
[SourceVersion "1"]
[SourceVersionDate "2003.11.25"]
[SourceQuality "1"]

1. e4 e6 2. d4 d5 3. exd5 exd5 4. Nc3 Bb4 5. Bd2 Nc6 6. Nf3 Nge7 7. Bd3 Bg4 8. 0-0 Nxd4 9. Be2 Nxe2+ 10. Qxe2 0-0 11. h3 Bh5 12. a3 Ba5 13. Qe3 Nc6 14. Qd3 Bxf3 15. g3 Be4 16. Qb5 Bxc3 17. Qxb7 Bxd2 18. Qxc6 Qc8 19. Rad1 Qxh3 20. f3 Be3+ 21. Rf2 Qxg3+ 22. Kh1 Bxf3+ 23. Rxf3 Qxf3+ 24. Kh2 Bf4+ 25. Kg1 Qxd1+ 26. Kf2 Qd2+ 27. Kf3 Qe3+ 28. Kg4 f5+ 29. Kh4 Qg3+ 30. Kh5 g6+ 0-1